<?xml version="1.0" encoding="UTF-8"?>
<collection xmlns="http://www.loc.gov/MARC21/slim">
 <record>
  <leader>01264nam a2200265 a 4500</leader>
  <controlfield tag="001">13082148</controlfield>
  <controlfield tag="008">091015r20082003ii a     b    001 0 eng d</controlfield>
  <datafield tag="010" ind1=" " ind2=" ">
   <subfield code="a">  2002294575</subfield>
  </datafield>
  <datafield tag="020" ind1=" " ind2=" ">
   <subfield code="a">817824151x</subfield>
  </datafield>
  <datafield tag="020" ind1=" " ind2=" ">
   <subfield code="z">817840319</subfield>
  </datafield>
  <datafield tag="040" ind1=" " ind2=" ">
   <subfield code="a">DLC</subfield>
   <subfield code="c">DLC</subfield>
  </datafield>
  <datafield tag="082" ind1="0" ind2="4">
   <subfield code="a">809.9335204</subfield>
   <subfield code="2">22 </subfield>
  </datafield>
  <datafield tag="245" ind1="0" ind2="3">
   <subfield code="a">An illustrated history of Indian literature in English /</subfield>
   <subfield code="c">edited by Arvind Krishna Mehrotra.</subfield>
  </datafield>
  <datafield tag="260" ind1=" " ind2=" ">
   <subfield code="a">Delhi :</subfield>
   <subfield code="b">Permanent Black in association with Ravi Dayal Publishers, New Delhi ;</subfield>
   <subfield code="a">Bangalore :</subfield>
   <subfield code="b">Distributed by Orient Longman,</subfield>
   <subfield code="c">c2003.[printing 2008]</subfield>
  </datafield>
  <datafield tag="300" ind1=" " ind2=" ">
   <subfield code="a">xxii, 406 p. :</subfield>
   <subfield code="b">ill. ;</subfield>
   <subfield code="c">24 cm.</subfield>
  </datafield>
  <datafield tag="520" ind1=" " ind2=" ">
   <subfield code="a">Contributed articles.</subfield>
  </datafield>
  <datafield tag="504" ind1=" " ind2=" ">
   <subfield code="a">&quot;Further reading&quot;: p. [381]-389.</subfield>
  </datafield>
  <datafield tag="504" ind1=" " ind2=" ">
   <subfield code="a">Includes index.</subfield>
  </datafield>
  <datafield tag="541" ind1="1" ind2=" ">
   <subfield code="e">00019412</subfield>
  </datafield>
  <datafield tag="650" ind1=" " ind2="0">
   <subfield code="a">Indic literature (English)</subfield>
   <subfield code="y">19th century</subfield>
   <subfield code="x">History and criticism.</subfield>
  </datafield>
  <datafield tag="650" ind1=" " ind2="0">
   <subfield code="a">Indic literature (English)</subfield>
   <subfield code="y">20th century</subfield>
   <subfield code="x">History and criticism.</subfield>
  </datafield>
  <datafield tag="700" ind1="1" ind2=" ">
   <subfield code="a">Mehrotra, Arvind Krishna,</subfield>
   <subfield code="d">1947-</subfield>
  </datafield>
  <datafield tag="852" ind1="4" ind2=" ">
   <subfield code="a">Ayesha Abed Library </subfield>
   <subfield code="j">General Shelf.</subfield>
  </datafield>
  <datafield tag="999" ind1=" " ind2=" ">
   <subfield code="c">4609</subfield>
   <subfield code="d">4609</subfield>
  </datafield>
  <datafield tag="952" ind1=" " ind2=" ">
   <subfield code="0">0</subfield>
   <subfield code="1">0</subfield>
   <subfield code="2">ddc</subfield>
   <subfield code="4">1</subfield>
   <subfield code="6">809_933520400000000_ILL</subfield>
   <subfield code="7">0</subfield>
   <subfield code="9">4394</subfield>
   <subfield code="a">ENH</subfield>
   <subfield code="b">ENH</subfield>
   <subfield code="d">2009-10-09</subfield>
   <subfield code="l">1</subfield>
   <subfield code="o">809.9335204 ILL</subfield>
   <subfield code="p">3010019412</subfield>
   <subfield code="r">2014-05-14</subfield>
   <subfield code="s">2013-02-18</subfield>
   <subfield code="t">1</subfield>
   <subfield code="w">2009-10-18</subfield>
   <subfield code="y">BK</subfield>
   <subfield code="x">Departmental-issued damaged books were found in the ENH department for the reason of termites eaten in 2016</subfield>
  </datafield>
 </record>
</collection>
